Estadísticas para Quien es el actor / actriz #4

Haz click aquí para intentar la prueba.

Estadísticas generales

  • Esta prueba ha sido intentada 42 veces
  • La puntuación promedio es 8 de 16

Estadísticas de respuestas

Respuesta% Correcto
Robert Downey Jr.
97%
Scarlett Johansson
89%
Chris Hemsworth
86%
Chris Evans
68%
Samuel L. Jackson
68%
Mark Ruffalo
65%
Elizabeth Olsen
49%
Paul Rudd
49%
Brie Larson
46%
Jeremy Renner
41%
Paul Bettany
22%
Cobie Smulders
19%
Letitia Wright
19%
Liv Tyler
16%
Danai Gurira
14%
Hayley Atwell
14%

Distribución de puntuación

Porcentaje por número respondido

Porcentaje de gente con cada puntuación

Historial de tus puntuaciones

No has intentado esta prueba.